International Conference on Radar--Present and Future, 23-25 October, 1973.

Bibliographic Details
Corporate Authors: International Conference on Radar--Present and Future London, Institution of Electrical Engineers. Electronics Division
Format: Conference Proceeding Book
Language:English
Published: [London] : [Institution of Electrical Engineers], [1973]
Series:Conference publication (Institution of Electrical Engineers) ; no. 105.
Subjects:

MARC

Tag First Indicator Second Indicator Subfields
LEADER 00000cam a2200000 4500
001 in00000097850
005 20150925115136.0
008 740829s1973 enka b 10010 eng
010 |a  74169985  
015 |a GB*** 
020 |a 085296112X 
035 |a (OCoLC)00952520 
035 |9 AAL3045AM 
040 |a DLC  |c DLC  |d TXA  |d UtOrBLW 
049 |a TXAM  |c [924678] 
050 0 0 |a TK6573  |b .I57 1973 
082 0 |a 621.3848 
111 2 |a International Conference on Radar--Present and Future  |d (1973 :  |c London) 
245 1 0 |a International Conference on Radar--Present and Future, 23-25 October, 1973. 
264 1 |a [London] :  |b [Institution of Electrical Engineers],  |c [1973] 
264 4 |c [©1973] 
300 |a viii, 437 pages :  |b illustrations ;  |c 30 cm. 
336 |a text  |b txt  |2 rdacontent 
337 |a unmediated  |b n  |2 rdamedia 
338 |a volume  |b nc  |2 rdacarrier 
490 1 |a IEE conference publication no. 105 
500 |a Organised by the Electronics Division of the Institution of Electrical Engineers, in association with the Associazione elettrotecnica edition elettronica italiana and others. Venue: Institution of Electrical Engineers, London. 
504 |a Includes bibliographical references. 
650 0 |a Radar  |v Congresses. 
710 2 |a Institution of Electrical Engineers.  |b Electronics Division. 
830 0 |a Conference publication (Institution of Electrical Engineers) ;  |v no. 105. 
999 |a MARS 
999 f f |s 5cd7920f-8c25-35e4-8ec9-1cf08a091904  |i 8bd59973-b7b3-302d-b4f7-c426caa3a966  |t 0 
952 f f |p ric  |a Texas A&M University  |b Rellis Campus  |c Joint Library Facility  |d Remote Storage  |t 0  |e TK6573 .I57 1973  |h Library of Congress classification  |i unmediated -- volume  |m A14805489387 
998 f f |a TK6573 .I57 1973  |t 0  |l Remote Storage